Apuntes para una teoría de la interpretación jurídica /
Shranjeno v:
| Glavni avtor: | |
|---|---|
| Korporativna značnica: | |
| Format: | Knjiga |
| Jezik: | Spanish |
| Izdano: |
Azcapotzalco, Distrito Federal, México
Universidad Autónoma Metropolitana
1986
|
| Teme: | |
| Oznake: |
Označite
Brez oznak, prvi označite!
|
MARC
| LEADER | 00000nam a2200000 4500 | ||
|---|---|---|---|
| 003 | cru CIDCACS/IIS | ||
| 005 | 20190122112843.0 | ||
| 008 | 190122b1986 MX ||||| |||| 00| 0 spa d | ||
| 999 | |c 42091 |d 42091 | ||
| 040 | |c cru CIDCACS/IIS | ||
| 090 | |a REV0001 7(19) 1986 | ||
| 100 | |9 8258 |a Palacio Díaz, Alejandro del | ||
| 110 | |9 8187 |a Universidad Autónoma Metropolitana, UAM | ||
| 245 | |a Apuntes para una teoría de la interpretación jurídica / |c Alejandro del Palacio Díaz | ||
| 260 | |a Azcapotzalco, Distrito Federal, México |b Universidad Autónoma Metropolitana |c 1986 | ||
| 300 | |a Páginas 69-78 | ||
| 650 | 0 | |9 4479 |a HISTORIA DEL DERECHO | |
| 650 | 0 | |9 5440 |a JUSTICIA | |
| 651 | 0 | |9 3410 |a MEXICO | |
| 653 | |a CONCEPCION KELSENIANA | ||
| 773 | 0 | |0 18805 |9 2596 |d Azcapotzalco UAM |o 02228 |t AZCAPOTZALCO | |
| 942 | |2 ddc |c PP | ||
